banner-ar

موسوعة اشغال الخرز : (Record no. 62634)

MARC details
000 -الفاتح
حقل البيانات ثابتة الطول 00933nam a22002177a 4500
005 - وقت وتاريخ اخر تعامل مع التسجيلة
رقم الضبط 20240530110559.0
008 - عناصر البيانات ثابتة الطول - معلومات عامة
حقل البيانات ثابتة الطول 160904s2010 au a f 000 0 ara d
017 ## - رقم الايداع القانونى
رقم الايداع القانونى 5689/2010
المصدر ( الهيئة المختصة) مصر . دار الكتب المصرية
020 ## - الرقم الدولى المعيارى للكتب
الرقم الدولى المعيارى للكتاب 9789772719642
040 ## - مصدر الفهرسة
وكالة الفهرسة الأصلية EG-CaGPL
082 04 - رقم تصنيف ديوى العشرى
رقم الطبعة 21
رقم التصنيف 745.58203\
رقم المادة ن م
100 0# - المدخل الرئيسى - إسم شخصى
الإسم الشخصى نجلاء خيرى
245 10 - بيان العنوان
العنوان موسوعة اشغال الخرز :
بقية العنوان اصنعى من الخرز العقد - الحلق - الخاتم -البرش -الغويشة -الميدالية -الانسيال - الطقم /
بيان المسئوليه,etc اعداد نجلاء خيرى .
250 ## - بيان الطبعة
بيان الطبعة ط1 .
260 ## - PUBLICATION, DISTRIBUTION, ETC. (IMPRINT)
تاريخ النشر أو التوزيع 2010 .
300 ## - الوصف المادى
التعداد 288 ص :
تفاصيل ماديه اخرى للوعاء ايض ؛
أبعاد الوعاء 30 سم .
504 ## - تبصرة ببليوجرافية
تبصرة ببليوجرافية,الخ ببليوجرافية : ص285 - 286
650 04 - المدخل الاضافى بالموضوع-مصطلح موضوعى
مصطلح موضوعي شغل الخرز
التقسيم الفرعي الشكلي دوائر المعارف .
942 ## - عناصر المدخل الإضافي( كوها)
مصدر التصنيف او مخطط الترفيف Dewey Decimal Classification
Koha [default] item type كتاب
260 ## - PUBLICATION, DISTRIBUTION, ETC. (IMPRINT)
-- القاهرة :
-- مكتبة ابن سينا للنشر والتوزيع .
Holdings
حالة التراجع حالة الفقد حالة تلف ليس للاعارة المكان المؤقت الموقع الحالى تاريخ الاكتساب اجمالي اﻻعارات رقم الطلب الباركود تاريخ اخر مشاهدة تاريخ تفعيل السعر نوع وعاء كوها
        مكتبة القاهرة الكبرى مكتبة القاهرة الكبرى 09/04/2016   745.58203\ ن م 162423 09/04/2016 09/04/2016 كتاب

Powered By

EGPV